| 000 | 00595nam a2200241Ia 4500 | ||
|---|---|---|---|
| 008 | 171120s9999 xx 000 0 und d | ||
| 020 | _a9.7899965876e+012 | ||
| 050 | _a220.52 | ||
| 050 | _bN532 2011 | ||
| 245 | 4 | _aThe new American bible / | |
| 250 | _aRevised edition. | ||
| 260 | _bWorld Catholic Press, | ||
| 260 | _c2011 | ||
| 300 | _a1430 pages : | ||
| 300 | _billustrations ; | ||
| 300 | _c22cm. | ||
| 650 | _aBible -- | ||
| 650 | _aCatholic church -- | ||
| 650 | _aCatholic church -- | ||
| 650 | _xApologetic works. | ||
| 650 | _xCommentaries. | ||
| 650 | _xDoctrines. | ||
| 999 |
_c345460 _d345460 |
||